| 000 | 00919nam a2200289Ia 4500 | ||
|---|---|---|---|
| 001 | G5539 | ||
| 003 | IT-RoPAU | ||
| 008 | 130308s9999 xx 000 0 und d | ||
| 040 | _aIT-RoPAU | ||
| 040 | _cIT-RoPAU | ||
| 041 | _aITALIANO | ||
| 100 | _aBorri Alessandro | ||
| 100 | _gCodice Aut. SPICS: 52021 | ||
| 245 | _aRouge e il gabinetto degli amori fantastici | ||
| 245 | _bStanley Kwan. La via Orientale al Melodramma | ||
| 250 | _a1a ed. | ||
| 260 | _aFIRENZE | ||
| 260 | _bIl Castoro | ||
| 260 | _c2000 [1° Ed.:2000 - Ed.Ling.Originale:2000] | ||
| 300 | _a"10 p. (prefazione: no ; testo: 10 [pagine: 95-104])" | ||
| 500 | _aRiflessioni Sul Film Rouge di Stanley Kwan. Il melo fantasma o Il Fantasmadel Melo. tutti I Colori Dello Spettro. Finche' Morte Non ci Unisca. | ||
| 650 | _aAUTORI/OPERE DEL CINEMA | ||
| 650 | _eCodice materia Spics: 6807 | ||
| 942 | _cBK | ||
| 957 | _71 | ||
| 999 |
_c83186 _d83186 |
||
| 999 | _g1 | ||